00646nam a22002057a 4500003000900000005001700009007000300026008004100029040002500070082001600095100003200111245004100143260005100184300002000235590002700255910001400282942001400296952011300310999001700423DO-SdBNP20220915093820.0ta110301s1964 dr 000 0 spa d aDO-SdBNPbspacBNPHU 4axxxxbC313r1 aCarrasco, Bienvenido95301810aRemembranzas /cBienvenido Carrasco  aSanto Domingo :bImpresora Arte y Cine,c1964. a50 p. :c21 cm. aInventariado, 2022/ YL aYLockward 2ddccLBS1 00102ddc51708PD-RVaBNPHUbBNPHUcCTd2014-02-03l0oxxxx C313rp2022-3951r2022-09-15w2022-09-15yLBS1 c52399d52399